000 01021nam0a2200313 4500
001 RU\NLR\bibl\69585
005 20260406122405.0
010 _a5-04-002925-Х
_912000
021 _aRU
_b1999-41535
_92044
035 _a(NLR Aleph) 000067883
090 _a372926
_c372926
100 _a20000210d1999 |||y0rusy50 ca
101 0 _arus
102 _aRU
105 _ay |||||||||
200 1 _aЗакон киллера
_e[Роман]
_fДмитрий Петров
210 _aМ.
_cЭКСМО-Пресс
_d1999
215 _a395, [1] с.
_d17
225 1 _aРусские разборки
320 _aНа 4-й с. обл. др. произведения авт.
686 _aШ6(2=Р)75-446
700 1 _4070
_8rus
_7ca
_aПетров
_bД. Н.
_cписатель
_f1959 -
_gДмитрий Николаевич
_3RU\NLR\auth\77715
_9110755
801 0 _aRU
_bNLR
_c20000210
_gPSBO
801 1 _aRU
_bNLR
_c20000210
852 _aNLR
_j99-2/3226
942 _cBOOK
980 _aNB